[Event "Mitropa Cup 21st"]
[Site "Leipzig"]
[Date "2002.05.07"]
[Round "5.3"]
[White "Rasik, Vitezslav"]
[Black "Doettling, Fabian"]
[Result "0-1"]
[WhiteElo "2424"]
[BlackElo "2540"]
[PlyCount "114"]
[EventDate "2002.05.03"]
[EventType "team-tourn"]
[EventRounds "9"]
[EventCountry "GER"]
[Source "ChessBase"]
[SourceDate "2002.08.12"]
[WhiteTeam "Czech Republic"]
[BlackTeam "Germany"]
[WhiteTeamCountry "CZE"]
[BlackTeamCountry "GER"]

1. e4 c6 2. c4 e5 3. Nf3 d6 4. d4 Bg4 5. Be2 Nd7 6. Nc3 Be7 7. O-O Ngf6 8. Be3
O-O 9. Qc2 exd4 10. Nxd4 Bxe2 11. Ndxe2 Re8 12. Rfd1 Bf8 13. f3 Qc7 14. Rac1
Rad8 15. Qd2 g6 16. b3 Nc5 17. Qb2 Bg7 18. Qa3 Nfd7 19. b4 Ne6 20. Rd2 a5 21.
bxa5 Ra8 22. Qxd6 Qxd6 23. Rxd6 Ne5 24. Bb6 Nxc4 25. Rdd1 Nxa5 26. Na4 Ra6 27.
Nd4 Rxb6 28. Nxe6 Rb4 29. Nxg7 Kxg7 30. Nc5 b6 31. Nd7 Re7 32. Nb8 c5 33. Rb1
Rxb1 34. Rxb1 Nc4 35. Rc1 Ne5 36. Rd1 c4 37. Na6 Nd3 38. Rb1 c3 39. Nb4 Nxb4
40. Rxb4 Rc7 41. Rb1 Ra7 42. Rc1 Ra3 43. Kf2 b5 44. Rc2 b4 45. g4 Rxa2 46. Rxa2
b3 47. Ra6 b2 48. Rc6 c2 49. Rxc2 b1=Q 50. Rc5 Qh1 51. g5 Qxh2+ 52. Ke3 h5 53.
gxh6+ Kxh6 54. Rd5 g5 55. Rf5 Kg6 56. Kd3 Qh3 57. Ke2 Qxf5 0-1

[Event "Mitropa Cup 21st"]
[Site "Leipzig"]
[Date "2002.05.07"]
[Round "5.4"]
[White "Sprenger, Jan Michael"]
[Black "Jirka, Jiri"]
[Result "1/2-1/2"]
[WhiteElo "2468"]
[BlackElo "2398"]
[Annotator "Bangiev"]
[PlyCount "89"]
[EventDate "2002.05.03"]
[EventType "team-tourn"]
[EventRounds "9"]
[EventCountry "GER"]
[Source "ChessBase"]
[SourceDate "2002.08.12"]
[WhiteTeam "Germany"]
[BlackTeam "Czech Republic"]
[WhiteTeamCountry "GER"]
[BlackTeamCountry "CZE"]

1. e4 e5 2. f4 Bc5 3. Nf3 d6 4. Nc3 Nf6 5. Bc4 Nc6 6. d3 a6 7. f5 Na5 8. Bg5 c6
$141 {9.Nd5} (8... b5 9. Bb3 c6) 9. Qe2 {Ein nützlicher Zug, der wurde schon
von Chigorin (im Jahre 1905!!) ausprobiert.} b5 $1 (9... Nxc4 $6 10. dxc4 {
Hier hat Weiß eine ausreichende Kontrolle über das wichtige Feld d5, was dem
Schwarzen erschweren sollte den Vorstoß d5 zu verwirklichen.}) 10. Bb3 Nxb3 (
10... Qb6 11. Nd1 Ra7 12. Nf2 h6 13. Bh4 Nh7 14. O-O g5 15. fxg6 fxg6 16. Kh1
Nxb3 17. axb3 O-O 18. c3 {1/2-1/2 Chigorin,M-Janowski,D/Barmen 1905/HCL (84)})
11. axb3 Ra7 $5 {Ein guter, allerdings gar nicht offensichtlicher Zug. Schwarz
will offenbar für den Turm eine bessere Ausgangsposition im Zentrum
ermöglichen. z.B. Im Falle des Vorstoßes d5, soll der Turm auf e-Linie den
Bauern e5 direkt oder indirekt decken.} 12. Be3 {Die einfache Lösung. Weiß
möchte damit kurz rochieren können und die schwarzen Felder im Lager des
Nachziehenden schwächen. Eine gute Alternative besteht im Manöver Nd1-f2 (Der
Plan Chigorins). Es wird allerdings damit ein Zeichen gesetzt, dass die
Eröffnungsidee 8.Bg5 nicht viel gebracht hatte.} (12. Nd1 $5 O-O (12... Qb6 $2
13. Bxf6 gxf6 14. b4 $1 Bxb4+ 15. c3 Bc5 16. b4 $16) 13. Nf2) (12. h3 $5 O-O (
12... Qb6 13. Bxf6 gxf6 14. Nh2 $5) 13. g4 {/\Bh4 gefolgt von g5} d5 $5 (13...
Re8 14. Bh4) 14. Nxe5 Qb6 $5 15. Bxf6 gxf6 16. Nf3 Re8 {/\Rae7} 17. Rf1 Rae7
18. Nd2 Bd4 $132) (12. g4 {/\Bh4 gefolgt von g5} Qb6 13. Bxf6 gxf6 14. Nd1 (14.
g5 fxg5 15. Nxg5 Bb4) 14... d5 $132) 12... Qb6 13. Bxc5 (13. Nd1 $5) 13... Qxc5
14. Qf2 {Der Übergang ins Endspiel ist nicht die beste Lösung für Weiß. Im
Mittelspiel mit einem Angriff am Königsflügel hätte er mehr erreichen können.}
Qxf2+ 15. Kxf2 g6 $1 {Ein guter Zug, zum richtigen Zeitpunkt, da Weiß nicht in
der Lage ist, den Pf5 zu unterstützen: 16.g4? Nxg4} (15... Ke7 16. h3 {/\g4})
16. fxg6 hxg6 {Schwarz hat hier etwas bessere Chancen.} (16... fxg6 $1 {Warum
nicht? Auf der offenen f-Linie kommen die schwarzen Türme schell zu
Verdoppelung, d.h. zum Gegenspiel.} 17. Rhf1 Rf7 18. Ke2 Nh5 $36) 17. h3 (17.
b4 Ng4+ $1 18. Ke2 f5 $1 19. h3 Nf6 $15) 17... Nh5 (17... b4 $5 18. Ne2 c5) 18.
Rae1 Nf4 19. Ne2 Ne6 20. d4 f6 21. dxe5 dxe5 22. Rd1 Ke7 23. Ke3 Rc7 24. g4 Bb7
25. h4 $1 {Weiß ist bestrebt seine Bauern auf den schwarzen Feldern zu
platzieren; man beachte den Bc8!} c5 26. c3 c4 27. b4 $1 Rd7 28. Rxd7+ Kxd7 29.
g5 Ke7 30. gxf6+ Kxf6 31. Rf1 Rf8 32. Rf2 Ba8 33. Nh2+ Ke7 34. Rxf8 Nxf8 35.
Ng4 Ke6 36. Ng1 Nd7 37. Nf3 Bb7 38. Ng5+ Ke7 39. Nf3 Ke6 40. Nd2 Nb6 41. b3
cxb3 42. Nxb3 Na4 43. Kd3 Kd6 44. Ne3 Bc8 45. Nd2 1/2-1/2

[Event "Mitropa Cup 21st"]
[Site "Leipzig"]
[Date "2002.05.07"]
[Round "5.1"]
[White "Pira, Davoud"]
[Black "Ruck, Robert"]
[Result "0-1"]
[WhiteElo "2434"]
[BlackElo "2569"]
[Annotator "Krasenkow,M"]
[PlyCount "78"]
[EventDate "2002.05.03"]
[EventType "team-tourn"]
[EventRounds "9"]
[EventCountry "GER"]
[Source "ChessBase"]
[SourceDate "2002.08.12"]
[WhiteTeam "France"]
[BlackTeam "Hungary"]
[WhiteTeamCountry "FRA"]
[BlackTeamCountry "HUN"]

1. d4 Nf6 2. Nf3 g6 3. c4 Bg7 4. Nc3 d5 5. cxd5 Nxd5 6. e4 Nxc3 7. bxc3 c5 8.
Rb1 O-O 9. Be2 b6 10. O-O Bb7 11. Qd3 Ba6 12. Qe3 cxd4 13. cxd4 Qd7 14. h4 $6 {
A rare, very dubious plan in this position instead of the normal} (14. d5)
14... Bxe2 {In the following game White didn't achieve any advantage either:} (
14... e6 15. h5 Rc8 16. Bxa6 Nxa6 17. h6 {completing his idea but is it really
an achievement?} Bh8 18. Bb2 Rc4 19. d5 Bxb2 20. Rxb2 Qd6 21. Rd1 e5 22. Qd3
Rac8 23. Nd2 Ra4 24. Qb5 Nc5 25. Rc2 Rd4 26. Re1 Qf8 27. g3 Rd8 28. Nf3 Rxe4
29. Rxe4 Nxe4 30. Nxe5 Qxh6 31. Nc6 Nd6 32. Qb4 Re8 33. Kg2 Qf8 34. Nxa7 Qe7
35. Nc6 Qc7 36. Nd4 Qd8 37. Nc6 Qc7 38. Nd4 Qd8 39. Rc6 Nf5 40. Qc4 Ne7 41. Rf6
{1/2-1/2 Schulte,O-Schlemermeyer,W/Germany 1989/GER-chT (41)}) 15. Qxe2 e6 16.
Rd1 Nc6 17. Bb2 Rfe8 18. h5 Rac8 19. Qe3 Na5 20. Qf4 Nc4 21. Ba1 Qe7 22. hxg6 {
White eventually decides not to push h5-h6.} hxg6 {What now? Setting up Ng5
and Qh4 looks unrealistic but White tries.} 23. Qg4 Nd6 24. Bb2 $5 {White
continues his plan giving up the c-file.} (24. Rbc1 {was less ambitious but
probably more appropriate.}) 24... Rc2 25. e5 Nf5 26. Bc1 {Still trying to
attack! Instead, centralization deserved attention:} (26. Qe4 Rec8 27. Rbc1 $11
{/=/+}) 26... Qb7 27. Ng5 Rd8 $6 {Black loses a crucial tempo.} (27... Rxa2 28.
Qh3 Qd5 $1 {was more accurate:} 29. Qh7+ Kf8 30. Nf3 Rc8 31. Bg5 Rcc2 32. Rf1
Ke8 {and the white attack is over.}) 28. Be3 {White doesn't take his
opportunity. Energetical play could have brought him good counterchances:} (28.
Qh3 Rxa2 29. Qh7+ Kf8 30. Nf3 {[%cal Yc1g5,Yg5f6]} Rc8 $1 31. Bg5 (31. Rb3 Qa6)
31... Rcc2 32. Rf1 {and now} Ke8 (32... Qe4 $142 33. Rbd1 Ke8 34. Qg8+ Bf8 35.
Bd2 $13) {can be met with} 33. d5 $1 {now we see the importance of ...Qb7-d5!}
Qxd5 $1 (33... exd5 $2 34. g4 $1 Qd7 35. gxf5 Qxf5 36. Rb4 $1 {[%cal Rb4f4]})
34. Rfd1 $1 (34. Rbd1 $2 Rxf2 $3) 34... Rxf2 $1 35. Rxd5 Rxg2+ 36. Kf1 exd5 37.
Qg8+ Bf8 38. e6 Rgf2+ (38... Raf2+ $2 39. Ke1 Re2+ 40. Kd1 Rxe6 41. Rc1 $18)
39. Ke1 $5 (39. Kg1 Rg2+ $11) 39... Rae2+ 40. Kd1 Rxe6 41. Rc1 $13) 28... Bh6
29. Rd3 Nxe3 30. Rxe3 (30. fxe3 $15) 30... Qe7 31. Ne4 {White gives up an
exchange but obtains some compensation as the dark squares around Black's king
are very weak.} (31. f4 $143 Bxg5 32. fxg5 Rd2 33. Re4 Qa3 $19) 31... Bxe3 32.
fxe3 Kg7 33. Rf1 Rh8 $2 {Apparently, both players were under severe time
pressure. The position is not easy to play. It looks like} (33... Rf8 $1 {was
the best option:} 34. Ng5 (34. Nf6 Rh8 35. Qg5 Qc7 36. Ne4 Rc1 $17) 34... f5 $1
35. exf6+ Rxf6 36. Rxf6 Qxf6 37. Nxe6+ Kf7 38. Ng5+ Kg8 $15) (33... Qc7 {is
apparently weaker:} 34. Qf4 Rh8 (34... Rc1 35. Qf6+ Kg8 36. Rxc1 Qxc1+ 37. Kh2
$44) 35. Nd6 Rc1 36. Qf6+ Kg8 37. Rxc1 Qxc1+ 38. Kf2 {and Black must give a
perpetual as} Qc7 $6 39. Ne8 {is risky for him.}) {After the text move the
initiative passes to White.} 34. Ng5 Rf8 35. Rf6 Qb4 $4 (35... Rc6 {was a must.
}) 36. Nxe6+ Kh8 37. Qh4+ Kg8 38. Rxg6+ $4 (38. Ng5 $18) 38... fxg6 39. Qh6
Qe1+ {A disappointing finale!} 0-1

[Event "Mitropa Cup 21st"]
[Site "Leipzig"]
[Date "2002.05.07"]
[Round "5.2"]
[White "Berkes, Ferenc"]
[Black "Touzane, Olivier"]
[Result "1/2-1/2"]
[WhiteElo "2511"]
[BlackElo "2352"]
[PlyCount "103"]
[EventDate "2002.05.03"]
[EventType "team-tourn"]
[EventRounds "9"]
[EventCountry "GER"]
[Source "ChessBase"]
[SourceDate "2002.08.12"]
[WhiteTeam "Hungary"]
[BlackTeam "France"]
[WhiteTeamCountry "HUN"]
[BlackTeamCountry "FRA"]

1. c4 g6 2. g3 Bg7 3. Bg2 e5 4. Nc3 d6 5. e3 f5 6. Nge2 Nf6 7. O-O O-O 8. b3
Na6 9. Bb2 c6 10. d4 e4 11. Qd2 Nc7 12. d5 c5 13. f3 exf3 14. Bxf3 Rb8 15. a4
a6 16. a5 b5 17. axb6 Rxb6 18. Qc2 Qe7 19. Rae1 Qxe3+ 20. Kg2 Qe7 21. Nd4 Qf7
22. Na4 Rb7 23. Ne6 Nxe6 24. dxe6 Qe7 25. Bxf6 Bxf6 26. Nc3 Bxc3 27. Qxc3 Rb4
28. h4 h5 29. Qe3 Kh7 30. Qg5 Re8 31. Re3 Qxg5 32. hxg5 Re7 33. Rd1 Rb6 34. Bd5
Kg7 35. Kf2 Kf8 36. Ke2 Rh7 37. Rh1 Ke7 38. g4 f4 39. Re4 Rxb3 40. gxh5 Rg3 41.
Rxf4 Rxg5 42. hxg6 Rxh1 43. Rf7+ Kd8 44. e7+ Ke8 45. Bxh1 Bg4+ 46. Kd2 Rxg6 47.
Rh7 Bd7 48. Bf3 Rg5 49. Bh5+ Rxh5 50. Rxh5 Kxe7 51. Kc3 a5 52. Rh6 1/2-1/2

[Event "Mitropa Cup 21st"]
[Site "Leipzig"]
[Date "2002.05.07"]
[Round "5.3"]
[White "Dunis, Aurelien"]
[Black "Czebe, Attila"]
[Result "1/2-1/2"]
[WhiteElo "2405"]
[BlackElo "2462"]
[PlyCount "116"]
[EventDate "2002.05.03"]
[EventType "team-tourn"]
[EventRounds "9"]
[EventCountry "GER"]
[Source "ChessBase"]
[SourceDate "2002.08.12"]
[WhiteTeam "France"]
[BlackTeam "Hungary"]
[WhiteTeamCountry "FRA"]
[BlackTeamCountry "HUN"]

1. e4 g6 2. d4 Bg7 3. c3 d6 4. Nf3 Nf6 5. Bd3 O-O 6. O-O Nc6 7. Nbd2 e5 8. dxe5
dxe5 9. Nc4 Nh5 10. Re1 Nf4 11. Bxf4 exf4 12. Qc2 Qe7 13. Rad1 Bg4 14. Be2 Rad8
15. h3 Be6 16. Ncd2 g5 17. Nb3 Ne5 18. Nxe5 Bxe5 19. Nd4 Qc5 20. Nxe6 fxe6 21.
Bg4 Qb6 22. Rd2 Kf7 23. Red1 Ke7 24. Rd3 c6 25. h4 gxh4 26. Qd2 Rxd3 27. Qxd3
Rd8 28. Qxd8+ Qxd8 29. Rxd8 Kxd8 30. Bxe6 f3 31. gxf3 Ke7 32. Bc8 b6 33. Kf1
Kf6 34. Bd7 c5 35. Ke2 Kg5 36. Ke3 Bf4+ 37. Kd3 Bd6 38. Bh3 Kf4 39. Bg2 b5 40.
Ke2 c4 41. Bh3 Ke5 42. Bd7 b4 43. Kf1 bxc3 44. bxc3 Kf4 45. Kg2 Be5 46. Be6
Bxc3 47. Bxc4 h6 48. Bf7 Be5 49. Bh5 Bd4 50. Bg4 Be5 51. a4 Bb8 52. Kh3 Kg5 53.
a5 Be5 54. a6 Bf6 55. Kg2 Kf4 56. Kf1 Bd4 57. Ke2 Be5 58. Kf1 Bd6 1/2-1/2

[Event "Mitropa Cup 21st"]
[Site "Leipzig"]
[Date "2002.05.07"]
[Round "5.4"]
[White "Csom, Istvan"]
[Black "Gozzoli, Yannick"]
[Result "1/2-1/2"]
[WhiteElo "2456"]
[BlackElo "2313"]
[PlyCount "60"]
[EventDate "2002.05.03"]
[EventType "team-tourn"]
[EventRounds "9"]
[EventCountry "GER"]
[Source "ChessBase"]
[SourceDate "2002.08.12"]
[WhiteTeam "Hungary"]
[BlackTeam "France"]
[WhiteTeamCountry "HUN"]
[BlackTeamCountry "FRA"]

1. Nf3 Nf6 2. g3 b5 3. Bg2 Bb7 4. d4 e6 5. c3 c5 6. O-O d5 7. a4 bxa4 8. Ne5
Nbd7 9. Qxa4 Be7 10. dxc5 Bxc5 11. c4 O-O 12. Nxd7 Qxd7 13. Qxd7 Nxd7 14. cxd5
Bxd5 15. Bxd5 exd5 16. Rd1 Nf6 17. Nc3 Ne4 18. e3 Nxc3 19. bxc3 Rfd8 20. Ra5
Rac8 21. Bb2 f6 22. c4 Kf7 23. cxd5 Bb6 24. Ra4 Rc2 25. Rb4 Rd7 26. Rb3 h5 27.
h3 Rd8 28. Kg2 Bxe3 29. Rxe3 Rxb2 30. Ra3 Rd7 1/2-1/2

[Event "Mitropa Cup 21st"]
[Site "Leipzig"]
[Date "2002.05.07"]
[Round "5.2"]
[White "Sedina, Elena"]
[Black "Jenni, Florian"]
[Result "1-0"]
[WhiteElo "2407"]
[BlackElo "2508"]
[PlyCount "75"]
[EventDate "2002.05.03"]
[EventType "team-tourn"]
[EventRounds "9"]
[EventCountry "GER"]
[Source "ChessBase"]
[SourceDate "2002.08.12"]
[WhiteTeam "Italy"]
[BlackTeam "Switzerland"]
[WhiteTeamCountry "ITA"]
[BlackTeamCountry "SUI"]

1. e4 e5 2. Nf3 Nc6 3. Nc3 Nf6 4. g3 d5 5. exd5 Nxd5 6. Bg2 Nxc3 7. bxc3 Bc5 8.
O-O O-O 9. Re1 Bg4 10. h3 Bh5 11. g4 Bg6 12. Nxe5 Nxe5 13. d4 f5 14. g5 f4 15.
dxc5 Qxd1 16. Rxd1 Bxc2 17. Rd4 f3 18. Bf1 Nc6 19. Rd7 Rad8 20. Rxd8 Rxd8 21.
Bf4 Bd3 22. Bxc7 Rd5 23. Bxd3 Rxd3 24. Rb1 Rd5 25. h4 Rxc5 26. Rxb7 Rxc3 27.
Bd6 Rc4 28. Rc7 Rg4+ 29. Kh2 Nd4 30. Bg3 Nf5 31. Rxa7 Nxg3 32. fxg3 Rc4 33. Kg1
Rc2 34. Kf1 g6 35. a4 Rg2 36. a5 Rxg3 37. a6 Rg4 38. Rb7 1-0

[Event "Mitropa Cup 21st"]
[Site "Leipzig"]
[Date "2002.05.07"]
[Round "5.3"]
[White "Hug, Werner"]
[Black "Mantovani, Renzo"]
[Result "1/2-1/2"]
[WhiteElo "2461"]
[BlackElo "2369"]
[PlyCount "65"]
[EventDate "2002.05.03"]
[EventType "team-tourn"]
[EventRounds "9"]
[EventCountry "GER"]
[Source "ChessBase"]
[SourceDate "2002.08.12"]
[WhiteTeam "Switzerland"]
[BlackTeam "Italy"]
[WhiteTeamCountry "SUI"]
[BlackTeamCountry "ITA"]

1. d4 Nf6 2. Nf3 e6 3. Bg5 c5 4. e3 b6 5. c3 Be7 6. Bd3 h6 7. Bh4 O-O 8. O-O
cxd4 9. cxd4 Ba6 10. Bxa6 Nxa6 11. Nc3 Nb4 12. Rc1 Nbd5 13. Bxf6 Nxf6 14. Qd3
a6 15. Rc2 b5 16. Rfc1 Qb6 17. Nd2 Qb7 18. Nde4 d5 19. Nxf6+ Bxf6 20. Nb1 Rfc8
21. Nd2 Be7 22. g3 Bd6 23. Nb3 h5 24. h4 g6 25. Nc5 Bxc5 26. Rxc5 Rxc5 27. Rxc5
Kg7 28. b4 Qe7 29. Qc3 Qf6 30. Rc7 Qf5 31. Qc2 Qxc2 32. Rxc2 a5 33. bxa5
1/2-1/2

[Event "Mitropa Cup 21st"]
[Site "Leipzig"]
[Date "2002.05.07"]
[Round "5.4"]
[White "Isonzo, Davide"]
[Black "Moor, Olivier"]
[Result "1/2-1/2"]
[WhiteElo "2360"]
[BlackElo "2346"]
[PlyCount "128"]
[EventDate "2002.05.03"]
[EventType "team-tourn"]
[EventRounds "9"]
[EventCountry "GER"]
[Source "ChessBase"]
[SourceDate "2002.08.12"]
[WhiteTeam "Italy"]
[BlackTeam "Switzerland"]
[WhiteTeamCountry "ITA"]
[BlackTeamCountry "SUI"]

1. e4 e6 2. d4 d5 3. Nc3 Bb4 4. e5 c5 5. a3 Bxc3+ 6. bxc3 Ne7 7. Nf3 h6 8. Bd3
b6 9. O-O Ba6 10. a4 O-O 11. Ba3 Qc8 12. Qb1 Nd7 13. Bxa6 Qxa6 14. Qb5 Qxb5 15.
axb5 a6 16. bxa6 Rxa6 17. Bb2 Rfa8 18. Rxa6 Rxa6 19. Ra1 Ra5 20. Rxa5 bxa5 21.
dxc5 Nc6 22. Nd4 Ndxe5 23. f4 Nxd4 24. cxd4 Nc6 25. Kf2 h5 26. Ke3 Kf8 27. Kd3
Ke8 28. c4 Kd7 29. Kc3 Ne7 30. Bc1 Nf5 31. g3 Kc6 32. Kd3 g6 33. Kc3 h4 34.
gxh4 Nxh4 35. Be3 Nf5 36. Bf2 Nh6 37. Kb3 Ng4 38. Bg1 dxc4+ 39. Kxc4 Nf6 40.
Be3 Ne4 41. f5 gxf5 42. h4 Nf6 43. Bg5 Nh5 44. Bd2 a4 45. Kb4 f4 46. Kxa4 e5
47. Kb4 f3 48. Be3 Nf6 49. Kc4 e4 50. Kc3 Kd5 51. Kd2 Nh5 52. Ke1 f5 53. Kf2
Nf6 54. Kg3 Nh5+ 55. Kf2 Kc6 56. Bd2 f4 57. Bc1 Kd5 58. Bd2 Kxd4 59. c6 e3+ 60.
Bxe3+ fxe3+ 61. Kxf3 Kd3 62. c7 e2 63. c8=Q e1=Q 64. Qf5+ Kd4 1/2-1/2

[Event "Mitropa Cup 21st"]
[Site "Leipzig"]
[Date "2002.05.08"]
[Round "6.1"]
[White "Ruck, Robert"]
[Black "Balinov, Ilija"]
[Result "1/2-1/2"]
[WhiteElo "2569"]
[BlackElo "2460"]
[PlyCount "35"]
[EventDate "2002.05.03"]
[EventType "team-tourn"]
[EventRounds "9"]
[EventCountry "GER"]
[Source "ChessBase"]
[SourceDate "2002.08.12"]
[WhiteTeam "Hungary"]
[BlackTeam "Austria"]
[WhiteTeamCountry "HUN"]
[BlackTeamCountry "AUT"]

1. Nf3 Nf6 2. c4 e6 3. Nc3 d5 4. d4 dxc4 5. e4 Bb4 6. Bg5 c5 7. Bxc4 cxd4 8.
Nxd4 Bxc3+ 9. bxc3 Qa5 10. Bb5+ Bd7 11. Bxf6 gxf6 12. Qb3 Ke7 13. O-O Rc8 14.
Bxd7 Nxd7 15. Rad1 Nc5 16. Qb2 Rd8 17. c4 Rd7 18. Nf3 1/2-1/2

[Event "Mitropa Cup 21st"]
[Site "Leipzig"]
[Date "2002.05.08"]
[Round "6.3"]
[White "Horvath, Adam"]
[Black "Kuba, Guenter"]
[Result "1-0"]
[WhiteElo "2464"]
[BlackElo "2317"]
[PlyCount "51"]
[EventDate "2002.05.03"]
[EventType "team-tourn"]
[EventRounds "9"]
[EventCountry "GER"]
[Source "ChessBase"]
[SourceDate "2002.08.12"]
[WhiteTeam "Hungary"]
[BlackTeam "Austria"]
[WhiteTeamCountry "HUN"]
[BlackTeamCountry "AUT"]

1. e4 e5 2. Nf3 Nc6 3. Bb5 a6 4. Ba4 Nf6 5. O-O Be7 6. Re1 b5 7. Bb3 d6 8. c3
O-O 9. d3 Na5 10. Bc2 c5 11. Nbd2 Re8 12. Nf1 Bf8 13. Ng3 g6 14. d4 Bg4 15. d5
c4 16. h3 Bd7 17. Nh2 Nb7 18. f4 h6 19. f5 Bg7 20. Be3 Kh7 21. Rf1 Rf8 22. Qd2
Ng8 23. Ng4 g5 24. h4 f6 25. Kf2 gxh4 26. Nh5 1-0

[Event "Mitropa Cup 21st"]
[Site "Leipzig"]
[Date "2002.05.08"]
[Round "6.4"]
[White "Pilaj, Herwig"]
[Black "Czebe, Attila"]
[Result "1/2-1/2"]
[WhiteElo "2310"]
[BlackElo "2462"]
[PlyCount "119"]
[EventDate "2002.05.03"]
[EventType "team-tourn"]
[EventRounds "9"]
[EventCountry "GER"]
[Source "ChessBase"]
[SourceDate "2002.08.12"]
[WhiteTeam "Austria"]
[BlackTeam "Hungary"]
[WhiteTeamCountry "AUT"]
[BlackTeamCountry "HUN"]

1. e4 g6 2. d4 Bg7 3. Nc3 d6 4. Bg5 a6 5. Bc4 h6 6. Bh4 Nc6 7. Nge2 b5 8. Bd5
Bd7 9. Bxc6 Bxc6 10. d5 Bd7 11. Nd4 Nf6 12. f3 O-O 13. Qd2 Kh7 14. O-O-O Qc8
15. g4 c5 16. dxc6 Bxc6 17. Nxc6 Qxc6 18. Bxf6 Bxf6 19. Nd5 Bh4 20. Kb1 a5 21.
f4 e6 22. Qc3 Rfc8 23. Qxc6 Rxc6 24. Nc3 Rb8 25. Rd3 Bf6 26. Nd1 Rc4 27. Re1
Rbc8 28. Re2 R8c6 29. Nf2 a4 30. a3 b4 31. axb4 Rxb4 32. e5 Be7 33. Rf3 Rcc4
34. Nd3 Re4 35. Ref2 Rb7 36. f5 dxe5 37. fxg6+ fxg6 38. Rf7+ Kg8 39. h3 Re3 40.
Ka2 Rc7 41. Nc5 Bd6 42. Rxc7 Bxc7 43. Nxe6 Bd6 44. c4 Be7 45. c5 Rb3 46. Re2
Bf6 47. c6 Rb8 48. Nc5 Rc8 49. Nxa4 Rxc6 50. b4 Kf7 51. b5 Rc8 52. Kb3 Ke6 53.
Nc3 Bd8 54. Re4 Ba5 55. Rc4 Rb8 56. Rc6+ Kf7 57. Rc5 Ke6 58. Rc6+ Kf7 59. Rc5
Ke6 60. Rc6+ 1/2-1/2

[Event "Mitropa Cup 21st"]
[Site "Leipzig"]
[Date "2002.05.08"]
[Round "6.2"]
[White "Plachetka, Jan"]
[Black "Golubovic, Boris"]
[Result "1/2-1/2"]
[WhiteElo "2441"]
[BlackElo "2462"]
[PlyCount "62"]
[EventDate "2002.05.03"]
[EventType "team-tourn"]
[EventRounds "9"]
[EventCountry "GER"]
[Source "ChessBase"]
[SourceDate "2002.08.12"]
[WhiteTeam "Slovakia"]
[BlackTeam "Croatia"]
[WhiteTeamCountry "SVK"]
[BlackTeamCountry "CRO"]

1. c4 e5 2. Nc3 Nf6 3. g3 d5 4. cxd5 Nxd5 5. Bg2 Nb6 6. Nf3 Nc6 7. d3 Be7 8.
O-O O-O 9. a3 Be6 10. b4 a5 11. b5 Nd4 12. Nd2 c6 13. bxc6 Nxc6 14. Rb1 a4 15.
Nc4 Nxc4 16. dxc4 Bxc4 17. Rxb7 Nd4 18. e3 Bxf1 19. Kxf1 Rc8 20. Nd5 Bg5 21. h4
Qa5 22. Bb2 Qa6+ 23. Kg1 Qxb7 24. Nf6+ Bxf6 25. Bxb7 Rb8 26. exd4 Rxb7 27. dxe5
Be7 28. Bd4 Rb3 29. Qg4 Rxa3 30. Qd7 Rd3 31. Qxa4 Rd8 1/2-1/2

[Event "Mitropa Cup 21st"]
[Site "Leipzig"]
[Date "2002.05.08"]
[Round "6.3"]
[White "Kovacevic, Blazimir"]
[Black "Priehoda, Vitezslav"]
[Result "0-1"]
[WhiteElo "2461"]
[BlackElo "2425"]
[PlyCount "94"]
[EventDate "2002.05.03"]
[EventType "team-tourn"]
[EventRounds "9"]
[EventCountry "GER"]
[Source "ChessBase"]
[SourceDate "2002.08.12"]
[WhiteTeam "Croatia"]
[BlackTeam "Slovakia"]
[WhiteTeamCountry "CRO"]
[BlackTeamCountry "SVK"]

1. c4 d6 2. Nc3 e5 3. Nf3 f5 4. d4 e4 5. Ng5 Be7 6. Nh3 Nf6 7. Bg5 c6 8. e3 Na6
9. Nf4 Nc7 10. h4 Ne6 11. Nxe6 Bxe6 12. Be2 O-O 13. g3 d5 14. c5 Nd7 15. Bxe7
Qxe7 16. b4 b6 17. Rb1 Qf6 18. Qc2 Rfb8 19. Na4 bxc5 20. bxc5 Rxb1+ 21. Qxb1 f4
22. gxf4 Rb8 23. Qc2 Qd8 24. Kd2 Bf5 25. Rb1 Nf6 26. Nc3 h5 27. Rxb8 Qxb8 28.
Qb3 Qc7 29. Ba6 Bc8 30. Be2 Kh7 31. Qb1 Qe7 32. Qb8 Bg4 33. Qe5 Qd7 34. Qd6 Qb7
35. Kc2 Bxe2 36. Nxe2 Qb5 37. Nc3 Qd3+ 38. Kb2 Qd2+ 39. Kb3 Qxf2 40. Qxc6 Qxe3
41. Qd6 Qxd4 42. c6 Qc4+ 43. Kb2 d4 44. Nb1 e3 45. Qe5 Qxc6 46. Qxd4 e2 47. Qd2
Qb6+ 0-1

[Event "Mitropa Cup 21st"]
[Site "Leipzig"]
[Date "2002.05.08"]
[Round "6.4"]
[White "Kotan, Ladislav"]
[Black "Brkic, Ante"]
[Result "0-1"]
[WhiteElo "2365"]
[BlackElo "2306"]
[PlyCount "128"]
[EventDate "2002.05.03"]
[EventType "team-tourn"]
[EventRounds "9"]
[EventCountry "GER"]
[Source "ChessBase"]
[SourceDate "2002.08.12"]
[WhiteTeam "Slovakia"]
[BlackTeam "Croatia"]
[WhiteTeamCountry "SVK"]
[BlackTeamCountry "CRO"]

1. e4 c5 2. Nf3 d6 3. Bc4 Nf6 4. Qe2 e6 5. c3 Be7 6. Bb3 b6 7. O-O Bb7 8. Bc2
Nc6 9. d4 cxd4 10. cxd4 d5 11. e5 Nd7 12. a3 Ndb8 13. b4 b5 14. Bd3 a6 15. Nbd2
Nd7 16. Nb3 Nb6 17. Nc5 Bc8 18. Bd2 O-O 19. Bc2 Nc4 20. Qd3 g6 21. Bh6 Re8 22.
Nd2 a5 23. Nxc4 bxc4 24. Qc3 Qb6 25. Bd2 axb4 26. axb4 Ba6 27. Rfb1 Bb5 28. Be3
Rec8 29. g3 Qd8 30. h4 Rxa1 31. Rxa1 Ra8 32. Rxa8 Qxa8 33. h5 Qa2 34. hxg6 hxg6
35. Kg2 Bxc5 36. bxc5 Ba4 37. Bxa4 Qxa4 38. Bd2 Qa2 39. Qe3 Qb1 40. Bc3 Qe4+
41. Kf1 Qxe3 42. fxe3 Kf8 43. Ke2 Ke8 44. Be1 Kd7 45. Kd1 Kc7 46. Kc2 Kb7 47.
Kb2 Ka6 48. g4 g5 49. Bd2 Kb5 50. Kc2 Nb8 51. Kc3 Na6 52. Kc2 Nc7 53. Bc1 Na6
54. Bd2 Nb8 55. Kc3 Nd7 56. e4 dxe4 57. Bxg5 Nb8 58. Bc1 Nc6 59. g5 Ne7 60. d5
Nxd5+ 61. Kd4 e3 62. c6 e2 63. Bd2 c3 64. Bxc3 Nxc3 0-1